000 02783cam a22011054i 4500
003 PE-LiUPU
005 20250813185333.0
008 160915s r 000 0 spa d
020 _a0310405602
020 _a9780310405603
035 _a(Sirsi) a163503
245 _aFinding God at harvard :
_bspiritual journeys of Christian thinkers/
_cKelly Monroe.
264 _aGrand Rapids, Mich. :
_b Zondervan Pub. House,
_c 1996.
300 _a368 páginas ;
_c24 centímetros
505 0 _aQuestions and turnings -- A crisis of meaning, and the need for change -- Finding hope, health, and life -- The recovery of love, family, and community -- Pluralism and the global gospel -- Money, race, and the gospel of mercy -- Government and the gospel of justice -- Science, technology, and the earth -- Renewing education: a light in the yard -- Conclusion: veritas, hope for the twenty-first century.
526 _aP202
526 _aP201
526 _aP163
526 _aP162
526 _aP161
526 _aP160
526 _aP148
526 _aP147
526 _aP146
526 _aP145
526 _aP144
526 _aP143
526 _aP142
526 _aP141
526 _aP140
526 _aP139
526 _aP138
526 _aP137
526 _aP136
526 _aP135
526 _aP134
526 _aP133
526 _aP129
526 _aP128
526 _aP127
526 _aP120
526 _aP119
526 _aP118
526 _aP116
526 _aP115
526 _aP114
526 _aP110
526 _aP109
526 _aP108
526 _aP104
526 _aP103
526 _aP102
526 _aP99
526 _aP98
526 _aP97
526 _aP96
526 _aP95
526 _aP93
526 _aP90
526 _aP89
526 _aP88
526 _aP83
526 _aP82
526 _aP62
526 _aP59
526 _aP58
526 _aP57
526 _aP51
526 _aP49
526 _aP48
526 _aP47
526 _aP29
526 _aP24
526 _aP20
526 _aP19
526 _aP17
526 _aP15
526 _aP14
526 _aP12
526 _aP10
526 _aP09
526 _aP08
526 _aP07
526 _aP06
526 _aP05
526 _aP04
526 _aP01
610 2 _aHarvard University
_xReligión.
650 0 4 _aIglesia y educación.
_91908
650 0 4 _aReligión.
_95128
700 1 _aMonroe, Kelly,
_eeditor.
596 _a1
942 _2ddc
_cBOOK
999 _a376.097 44 F33
_wDEWEY
_c12379
_i44606
_f2021-11-8
_g5
_lCCODEBUL1
_mBUL
_p10.00
_r0
_sY
_tBOOK
_u2016-9-15
_xEDUCACION
_PP35
_0COMPRA
_o.PUBLIC. Colección Teología
_d12379
980 _81
_gALBERTO SANCHEZ Responsable de Automatización